000 00684nam a2200241Ia 4500
003 OSt
005 20220926012531.0
006 a|||||r|||| 00| 0
007 ta
008 220923b |||||||| |||| 00| 0 eng d
037 _cGeneral Book
040 _aRTL
_cRTL
_beng
041 _2eng
_aeng
082 _aB288, H9
100 _aMann H B
_9316812
245 0 _aAnalysis ajnd design of experiments, Analysis vari
260 _aNew York
_bDover
_c1949
300 _ax, 195P
_ccm.
490 _aDover Series Books in Mathematics and Physics
650 _aProgramme Statistics
_9237352
942 _hB288, H9
_cGB
_2CC
999 _c623440
_d623440